00514nam a2200193 a 4500001001300000003000900013005001700022008004100039020001000080082001300090100002900103245002000132260004800152300000900200500003500209505002400244650002300268700002900291nice12345678IN_TiNIC20260116011932.0050524s1978 dela grp 000 0 eng  ac2.500a297bMAU aMaudoodi, Syed Abul A`La aVitlas of Faith aDelhibMarkazi Maktaba Jamat-E-Islamic1978 a54p. aincludes index and biblioraphy2 aBibliography, index aIslam-Meccan Trade1 aMaudoodi, Syed Abul A`La